| 000 | 00931cam a2200277 a 4500 | ||
|---|---|---|---|
| 001 | 2216 | ||
| 005 | 20241118152611.0 | ||
| 020 | _a0763611603 | ||
| 040 |
_aDLC _cDLC _dDLC _beng |
||
| 050 | 0 | 0 |
_aPZ7.N964 _bBe 2004 |
| 082 | 0 | 0 |
_a813.6 _221 |
| 100 | 1 | _aNumeroff, Laura Joffe | |
| 245 | 1 | 0 |
_aBeatrice doesn't want to / _cLaura Numeroff ; illustrated by Lynn Munsinger. |
| 250 | _aFirst Scholastic printing, September 2005 | ||
| 260 |
_aNew York : _bScholastic, _c2004 |
||
| 300 |
_a29 unnumbered pages : _billustrations _c26 cm |
||
| 505 | _aH | ||
| 520 | _aOn the third afternoon of going to the library with her brother Henry, Beatrice finally finds something she enjoys doing. | ||
| 521 |
_a460 _blextile |
||
| 521 |
_aH _bRaz-Plus |
||
| 650 | 1 |
_aLibraries _vFiction. |
|
| 650 | 1 |
_aSiblings _vFiction. |
|
| 700 | 1 |
_aMunsinger, Lynn _eillustrator |
|
| 906 |
_a7 _bcbc _corignew _d1 _eocip _f20 _gy-gencatlg |
||
| 942 |
_2ddc _cBK _n0 |
||
| 999 |
_c2216 _d2216 |
||